000 00469nam a2200193Ia 4500
003 0100
008 130303s9999 xx 000 0 und d
040 _cARRUPELIB
050 _aJK274.B5241996
100 _aBerman, Larry
245 _aApproaching democracy
260 _aNew Jersey
260 _bPrentice-Hall
260 _C1996
300 _axxvi
300 _b 647 p.27 cm
700 _aLarry Berman, Bruce Allen Murphy , Murphy, Bruce Allen
942 0 0 _01
999 _c16251
_d16251